Central Library OPAC University of Rajshahi

Mental pathology in its relation to normal psychology : (Record no. 29540)

MARC details
000 -LEADER
fixed length control field 01062cam a22003011 4500
001 - CONTROL NUMBER
control field 29540
003 - CONTROL NUMBER IDENTIFIER
rucl marc code BD-RjUL
005 - DATE AND TIME OF LATEST TRANSACTION
control field 20211209051426.0
008 - FIXED-LENGTH DATA ELEMENTS--GENERAL INFORMATION
fixed length control field 140403s1907 enka b 001 0 eng d
035 ## - SYSTEM CONTROL NUMBER
System control number (BD-RjUL)29625
System control number (OCoLC)1597497
040 ## - CATALOGING SOURCE
Original cataloging agency DLC
Transcribing agency FMU
Modifying agency OCoLC
-- DLC
-- BD-RjUL
Language of cataloging eng
041 1# - LANGUAGE CODE
Language code of text/sound track or separate title eng
Language code of original und
082 00 - DEWEY DECIMAL CLASSIFICATION NUMBER
Classification number 132
Author mark and year STM 1907
100 1# - MAIN ENTRY--PERSONAL NAME
Personal name Störring, Gustav Wilhelm,
Dates associated with a name 1860-1946.
9 (RLIN) 90027
245 10 - TITLE STATEMENT
Title Mental pathology in its relation to normal psychology :
Remainder of title a course of lectures delivered in the University of Leipzig /
Statement of responsibility, etc. by Gustav Störring ... tr. by Thomas Loveday ...
260 ## - PUBLICATION, DISTRIBUTION, ETC. (IMPRINT)
Place of publication, distribution, etc. London :
Name of publisher, distributor, etc. S. Sonnenschein & Co., ltd.,
Date of publication, distribution, etc. 1907.
300 ## - PHYSICAL DESCRIPTION
Pagination x, 298 p., 1 l. :
Illustrations ill. ;
Size 23 cm.
504 ## - BIBLIOGRAPHY, ETC. NOTE
Bibliography, etc "Bibliographical index": p. 289-292. and Index
650 #0 - SUBJECT ADDED ENTRY--TOPICAL TERM
Topical term or geographic name as entry element Psychology, Pathological.
9 (RLIN) 90028
Topical term or geographic name as entry element Psychology.
9 (RLIN) 90029
Topical term or geographic name as entry element Mental illness.
9 (RLIN) 90030
Topical term or geographic name as entry element Brain
General subdivision Diseases.
9 (RLIN) 90032
700 1# - ADDED ENTRY--PERSONAL NAME
Personal name Loveday, Thomas,
Dates associated with a name 1875-1966.
942 ## - ADDED ENTRY ELEMENTS (KOHA)
Source of classification or shelving scheme Dewey Decimal Classification
Koha item type Books
Holdings
Lost status Source of classification or shelving scheme Damaged status Not for loan Collection code Permanent Location Current Location Shelving location Date acquired Source of acquisition Cost, normal purchase price Total Checkouts Full call number Date last seen Copy number Koha item type
  Dewey Decimal Classification   Added to bundle Non-fiction Central Library, University of Rajshahi Central Library, University of Rajshahi Reading Room 09/11/1956 B. H. Black Well 0.12   132 STM 1907 03/04/2014 C-1 Books